Solutions of selected problems for Mathematical methods in the physical sciences (Record no. 7745)
[ view plain ]
| 000 -LEADER | |
|---|---|
| fixed length control field | 00467 a2200157 4500 |
| 020 ## - INTERNATIONAL STANDARD BOOK NUMBER | |
| International Standard Book Number | 0471099201 |
| 040 ## - CATALOGING SOURCE | |
| Original cataloging agency | DLC |
| Language of cataloging | DLC |
| 082 0# - DEWEY DECIMAL CLASSIFICATION NUMBER | |
| Classification number | 510/.245 |
| 100 1# - MAIN ENTRY--PERSONAL NAME | |
| Personal name | Boas, Mary L. |
| 245 10 - TITLE STATEMENT | |
| Title | Solutions of selected problems for Mathematical methods in the physical sciences |
| Statement of responsibility, etc. | Mary L. Boas |
| 260 ## - PUBLICATION, DISTRIBUTION, ETC. | |
| Place of publication, distribution, etc. | New York ; |
| -- | Chichester : |
| Name of publisher, distributor, etc. | Wiley, |
| Date of publication, distribution, etc. | c1984. |
| 300 ## - PHYSICAL DESCRIPTION | |
| Extent | iv, 612 p. : |
| Other physical details | ill. ; |
| Dimensions | 23 cm. |
| 650 #0 - SUBJECT ADDED ENTRY--TOPICAL TERM | |
| Topical term or geographic name entry element | Mathematics. |
| 700 1# - ADDED ENTRY--PERSONAL NAME | |
| Personal name | Boas, Mary L. |
| 942 ## - ADDED ENTRY ELEMENTS (KOHA) | |
| Koha item type | Book |
| Call number prefix | 519.5 BOA |
| Source of classification or shelving scheme | |
| Withdrawn status | Lost status | Damaged status | Not for loan | Collection code | Permanent Location | Current Location | Shelving location | Date acquired | Source of acquisition | Cost, normal purchase price | Total Checkouts | Full call number | Barcode | Date last seen | Date last checked out | Price effective from | Koha item type |
|---|---|---|---|---|---|---|---|---|---|---|---|---|---|---|---|---|---|
| Central Library (CL) | Central Library (CL) | General Stacks | 12/06/2007 | Progressive International Agencies | 3452.05 | 1 | 519.5 BOA | SEECS008777 | 07/26/2019 | 06/24/2019 | 01/05/2017 | Book |
